Cargando...

Fifth conference on optimization techniques Part.2

Detalles Bibliográficos
Autor principal: Conti,R
Formato: Printed Book
Lenguaje:English
Publicado: Berlin Springer-Verlag 1973
Colección:Lecture notes in computer science 4
Materias:
LEADER 00548nam a22001577a 4500
008 091116t xxu||||| |||| 00| 0 eng d
080 |a 519.863  |b CON 
100 |a Conti,R.  |9 1668 
245 |a Fifth conference on optimization techniques Part.2 
260 |a Berlin  |b Springer-Verlag  |c 1973 
300 |a xiii,389p. 
490 |a Lecture notes in computer science  |v 4 
653 |a Optimization techniques 
942 |c BK  |6 _ 
999 |c 217200  |d 217200 
952 |0 0  |1 0  |4 0  |6 519863_CON  |7 0  |9 281429  |a MAT  |b MAT  |d 2009-11-16  |o 519.863 CON  |p MAT01086  |r 2009-11-16  |t 1  |w 2009-11-16  |y BK